Dynamics of structures (Record no. 546532)

000 -LEADER
fixed length control field 00440 a2200145 4500
020 ## - INTERNATIONAL STANDARD BOOK NUMBER
International Standard Book Number 0-07-011392-0
082 ## - DEWEY DECIMAL CLASSIFICATION NUMBER
Classification number 624.171
Author Mark CLO
-- L-26 P-59
100 ## - MAIN ENTRY--PERSONAL NAME
Personal name Clough, Ray W And Penzien
9 (RLIN) 42682
245 ## - TITLE STATEMENT
Title Dynamics of structures
260 ## - PUBLICATION, DISTRIBUTION, ETC.
Place of publication, distribution, etc. SINGAPORE
Name of publisher, distributor, etc. McGraw Hill International Edition
Date of publication, distribution, etc. 1975I
300 ## - PHYSICAL DESCRIPTION
Extent XVII 631P.
Dimensions 22CM
526 ## - STUDY PROGRAM INFORMATION NOTE
Program name 0
Interest level 0
Reading level 0
Title point value 624_171000000000000_CLO
526 ## - STUDY PROGRAM INFORMATION NOTE
Program name 0
Interest level 0
Reading level 0
Title point value 624_171000000000000_CLO
942 ## - ADDED ENTRY ELEMENTS (KOHA)
Source of classification or shelving scheme
Koha item type Book Bank
Holdings
Withdrawn status Lost status Source of classification or shelving scheme Damaged status Not for loan Permanent Location Current Location Date acquired Total Checkouts Total Renewals Full call number Barcode Date last seen Date last checked out Price effective from Koha item type
          Military College of Engineering (MCE) Military College of Engineering (MCE) 06/12/2014 3 2 624.171 CLO MCE-17178 06/26/2019 05/24/2019 03/14/2021 Book Bank
          Military College of Engineering (MCE) Military College of Engineering (MCE) 06/12/2014     624.171 CLO MCE-17169 06/12/2014   03/14/2021 Book Bank
© 2023 Central Library, National University of Sciences and Technology. All Rights Reserved.